The missiles of October: (Record no. 549894)
[ view plain ]
| 000 -LEADER | |
|---|---|
| fixed length control field | 00544cam a22001451 4500 |
| 082 00 - DEWEY DECIMAL CLASSIFICATION NUMBER | |
| Classification number | 972.91 |
| Author Mark | ABE |
| -- | L-28. P-79 |
| 100 1# - MAIN ENTRY--PERSONAL NAME | |
| Personal name | Abel, Elie. |
| 9 (RLIN) | 46593 |
| 245 14 - TITLE STATEMENT | |
| Title | The missiles of October: |
| Remainder of title | the story of the Cuban missile crisis, 1962. |
| 260 ## - PUBLICATION, DISTRIBUTION, ETC. | |
| Place of publication, distribution, etc. | London, |
| Name of publisher, distributor, etc. | MacGibbon & Kee, |
| Date of publication, distribution, etc. | 1966. |
| 300 ## - PHYSICAL DESCRIPTION | |
| Extent | 204 p. |
| Other physical details | 8 plates (incl. facsim.) |
| Dimensions | 20 1/2 cm. |
| 500 ## - GENERAL NOTE | |
| General note | Originally published as The missle crisis. Philadelphia, Lippincott, 1966. |
| 526 ## - STUDY PROGRAM INFORMATION NOTE | |
| Program name | 0 |
| Interest level | 0 |
| Reading level | 0 |
| Title point value | 972_910000000000000_ABE |
| 650 #0 - SUBJECT ADDED ENTRY--TOPICAL TERM | |
| Topical term or geographic name entry element | Cuban Missile Crisis, 1962. |
| 9 (RLIN) | 46594 |
| 942 ## - ADDED ENTRY ELEMENTS (KOHA) | |
| Source of classification or shelving scheme | |
| Koha item type | Book |
| Withdrawn status | Lost status | Source of classification or shelving scheme | Damaged status | Not for loan | Permanent Location | Current Location | Date acquired | Total Checkouts | Full call number | Barcode | Date last seen | Date last checked out | Price effective from | Koha item type |
|---|---|---|---|---|---|---|---|---|---|---|---|---|---|---|
| Military College of Engineering (MCE) | Military College of Engineering (MCE) | 10/15/2014 | 1 | 972.91 ABE | MCE-3052 | 02/08/2017 | 01/04/2017 | 10/15/2014 | Book |
